Statistiken für Umriss der Kantone der Schweiz

Klicken Sie hier um das Quiz zu spielen!

Allgemein

  • Dieses Quiz wurde 87 mal gespielt
  • Das Durchschnittsergebnis liegt bei 22 aus 26

Antwortstatistiken

Antwort% Korrekt
Genf
98%
Graubünden
96%
Bern
94%
Basel-Stadt
92%
Tessin
92%
Wallis
92%
Schaffhausen
88%
Schwyz
87%
Thurgau
87%
Uri
87%
Zug
87%
Appenzell-Ausserrhoden
85%
Neuenburg
85%
Appenzell-Innerrhoden
83%
Basel-Landschaft
83%
Jura
83%
Nidwalden
83%
Waadt
83%
Zürich
83%
Freiburg
81%
Aargau
79%
Luzern
79%
Obwalden
79%
Glarus
75%
Solothurn
75%
Sankt-Gallen
69%

Verteilung der Resultate

Perzentil nach korrekt beantworteten Fragen

Anzahl Personen mit jedem Resultat

Ihre Resultats-Entwicklung

Sie haben dieses Quiz noch nicht gespielt